书目信息 |
| 题名: |
化工工艺设计手册
|
|
| 作者: | ;国家医药管理局上海医药设计院 编 | |
| 分册: | 下册 | |
| 出版信息: | 北京 化学工业出版社 1986 |
|
| 页数: | 894页 | |
| 开本: | 26cm | |
| 丛书名: | ||
| 单 册: | ||
| 中图分类: | TQ050.2 , TQ-62 | |
| 科图分类: | ||
| 主题词: | 化学工程--设计--手册 , 化学工业 | |
| 电子资源: | ||
| ISBN: | 7-5025-0633-0 | |
| 000 | 00835nam0 2200277 45 | |
| 001 | 0186002641 | |
| 005 | 20040518162349.7 | |
| 010 | @dCNY35.30@a7-5025-0633-0 | |
| 091 | @aCN@b15063.3869 | |
| 100 | @a19901014d1986 emky0chiy0121 ea | |
| 101 | 0 | @achi |
| 102 | @aCN@b110000 | |
| 105 | @af z 000yy | |
| 106 | @ar | |
| 200 | 10 | @a化工工艺设计手册@Ahua gong gong yi she ji shou ce@h下册@f国家医药管理局上海医药设计院编 |
| 205 | @a第一版(修订) | |
| 210 | @a北京@c化学工业出版社@d1986 | |
| 215 | @a894页@d26cm | |
| 606 | @a化学工程@x设计@x手册 | |
| 606 | 0 | @a化学工业 |
| 690 | @aTQ050.2@v3 | |
| 690 | @aTQ-62 | |
| 711 | 02 | @a国家医药管理局上海医药设计院@Aguo jia yi yao guan li ju shang hai yi yao she ji yuan@4编 |
| 801 | 0 | @aCN@b深圳图书馆@c20040518 |
| 801 | 2 | @aCN@bNLC@c20040518 |
| 905 | @f1@b246845@dTQ-62@e18:2=2 | |
| 化工工艺设计手册.下册/国家医药管理局上海医药设计院编.-第一版(修订).-北京:化学工业出版社,1986 |
| 894页;26cm |
| ISBN 7-5025-0633-0:CNY35.30 |
| ● |
| 相关链接 |
|
|
|
|
正题名:化工工艺设计手册
索取号:TQ-62/18:2=2
 
预约/预借
| 序号 | 登录号 | 条形码 | 馆藏地/架位号 | 状态 | 备注 |
| 1 | 0246845 | 001646348 | 第三借阅区/ [索取号:TQ-62/18:2=2] | 在馆 | |
| 2 | 0246846 | 202124290 | 第二样本阅览室/ [索取号:TQ-62/18:2=2] | 在馆 |